Comuni della Provincia di Verona (con mappa) - Statistics

Statistiche generali
  • Questo quiz è stato fatto 200 volte
  • Il punteggio medio è 49 su 98
Risposte nella Mappa
Le risposte nella mappa del quiz sottostante sono codificate secondo una scala di colori dal rosso al verde in base alla % di persone che hanno risposto correttamente.
 
Statistiche sulle risposte
Risposta % Corretto
Verona
96%
Garda
86%
Peschiera del Garda
86%
Bardolino
85%
Lazise
81%
Malcesine
75%
Soave
75%
Affi
71%
Torri del Benaco
71%
Villafranca di Verona
71%
Legnago
69%
San Bonifacio
69%
Valeggio sul Mincio
68%
Castelnuovo del Garda
67%
Bussolengo
66%
San Martino Buon Albergo
66%
Sommacampagna
66%
Bosco Chiesanuova
64%
Negrar di Valpolicella
64%
Isola della Scala
62%
San Giovanni Lupatoto
62%
Sona
62%
Cerea
61%
Pescantina
59%
Zevio
59%
San Zeno di Montagna
58%
Caprino Veronese
56%
Erbé
56%
San Pietro in Cariano
55%
Bovolone
54%
Brenzone sul Garda
54%
Velo Veronese
53%
Caldiero
52%
Erbezzo
52%
Grezzana
52%
Nogara
52%
Buttapietra
51%
Dolcè
51%
Illasi
51%
Castel d'Azzano
49%
Roveré Veronese
49%
Veronella
49%
Vigasio
49%
Ferrara di Monte Baldo
48%
Pastrengo
48%
Roncà
48%
Tregnago
48%
Belfiore
47%
Cerro Veronese
47%
Colognola ai Colli
47%
Marano di Valpolicella
47%
Sant'Ambrogio di Valpolicella
47%
Cavaion Veronese
46%
Sant'Anna d'Alfaedo
46%
Cologna Veneta
45%
Fumane
45%
Isola Rizza
45%
Lavagno
45%
Mozzecane
45%
Albaredo d'Adige
44%
Badia Calavena
44%
Bevilacqua
44%
Costermano sul Garda
44%
Oppeano
44%
Selva di Progno
44%
Brentino Belluno
42%
Nogarole Rocca
42%
Rivoli Veronese
42%
Arcole
41%
Monteforte d'Alpone
41%
Ronco all'Adige
41%
San Mauro di Saline
41%
Zimella
41%
Povegliano Veronese
40%
San Giovanni Ilarione
40%
Vestenanova
40%
Villa Bartolomea
40%
Casaleone
39%
Montecchia di Crosara
39%
Palù
39%
Sanguinetto
39%
Castagnaro
38%
Cazzano di Tramigna
38%
Terrazzo
38%
Mezzane di Sotto
36%
Gazzo Veronese
35%
Roverchiara
35%
Salizzole
35%
Angiari
34%
Roveredo di Guà
34%
Sorgà
34%
Boschi Sant'Anna
33%
San Pietro di Morubio
32%
Concamarise
31%
Minerbe
31%
Trevenzuolo
31%
Bonavigo
29%
Pressana
29%
Nessun quiz corrispondente trovato
Distribuzione punteggi
Percentuale di utenti per punteggio
Percentile per numero di risposta
I tuoi punteggi nel tempo
Non hai fatto questo quiz